| 000 | 01262nam a22003618a 4500 | ||
|---|---|---|---|
| 001 | 016090827 | ||
| 003 | OSt | ||
| 005 | 20140402155717.0 | ||
| 008 | 120503s2013 xxkad frbd 001 0 eng d | ||
| 020 | _a0745661122 (pbk.) | ||
| 020 | _a9780745661124 (pbk.) | ||
| 020 | _a0745661114 (hbk.) | ||
| 020 | _a9780745661117 (hbk.) | ||
| 043 | _aa-ii--- | ||
| 082 | 0 | 4 |
_a320.954 _222 _bCOR |
| 100 | 1 |
_aCorbridge, Stuart _932379 |
|
| 245 | 1 | 0 |
_aIndia today : _beconomy, politics and society / _cStuart Corbridge, John Harriss and Craig Jeffrey. |
| 260 |
_aCambridge, United Kingdom ; _aMalden, United States : _bPolity Press, _c2013 _f(Edwards Brothers Malloy) |
||
| 300 |
_axv, 384 p. : _bcharts, tables ; _c23 cm. |
||
| 490 | 1 | _aPolitics today | |
| 500 | _aGlossary : p. 307-308. | ||
| 500 | _aIndex : p. 361-354. | ||
| 504 | _aBibliography : p. 309-360. | ||
| 651 | 0 |
_935865 _aIndia _xPolitics and government _y1977- |
|
| 651 | 0 |
_aIndia _xSocial conditions _922615 |
|
| 651 | 0 |
_aIndia _xEconomic policy _y1991- _935866 |
|
| 653 |
_bBUSBOL _cFebruary2013 _cApril2014 |
||
| 655 |
_vreading book _934232 |
||
| 700 | 1 |
_aHarriss, John _932383 |
|
| 700 | 1 |
_aJeffrey, Craig, _d1973- _932384 |
|
| 830 | 0 | _aPolitics today (Polity Press) | |
| 942 |
_2ddc _cBB _k320.954 COR |
||
| 999 |
_c17223 _d17195 |
||